Running the race of faith : (Record no. 4064)

MARC details
000 -LEADER
fixed length control field 01161cam a22003134a 4500
001 - CONTROL NUMBER
control field 12158133
003 - CONTROL NUMBER IDENTIFIER
control field GBCCL
005 - DATE AND TIME OF LATEST TRANSACTION
control field 20241126110510.0
008 - FIXED-LENGTH DATA ELEMENTS--GENERAL INFORMATION
fixed length control field 000829s2001 mou d 000 0 eng
010 ## -
-- 00011189
020 ## - INTERNATIONAL STANDARD BOOK NUMBER
Canceled/invalid ISBN 0570052210
040 ## - CATALOGING SOURCE
Original cataloging agency DLC
Transcribing agency DLC
Modifying agency DLC
042 ## -
-- pcc
-- lcac
050 00 -
-- BV4531.2
-- .A87 2001
082 00 - DEWEY DECIMAL CLASSIFICATION NUMBER
Classification number 248.83
Edition information 21
Item number AUS
100 1# - MAIN ENTRY--PERSONAL NAME
Personal name Ausenhus, Pam,
Dates associated with a name 1959-
9 (RLIN) 7819
245 10 - TITLE STATEMENT
Title Running the race of faith :
Remainder of title living a life of faith and purpose : 8 week devotional journal /
Statement of responsibility, etc. Pam Ausenhus.
260 ## - PUBLICATION, DISTRIBUTION, ETC.
Place of publication, distribution, etc. St. Louis, MO :
Name of publisher, distributor, etc. Concordia Pub. House,
Date of publication, distribution, etc. c2001.
300 ## - PHYSICAL DESCRIPTION
Extent 174 p. ;
Dimensions 20 cm.
630 00 - SUBJECT ADDED ENTRY--UNIFORM TITLE
Uniform title Bible.
Name of part/section of a work Hebrews, XII, 12
General subdivision Criticism, interpretation, etc.
9 (RLIN) 7820
650 #0 - SUBJECT ADDED ENTRY--TOPICAL TERM
Topical term or geographic name entry element Students
Form subdivision Prayers and devotions.
9 (RLIN) 7821
650 #0 - SUBJECT ADDED ENTRY--TOPICAL TERM
Topical term or geographic name entry element Devotional calendars.
9 (RLIN) 1878
650 #1 - SUBJECT ADDED ENTRY--TOPICAL TERM
Topical term or geographic name entry element Prayer books and devotions.
9 (RLIN) 2800
650 #1 - SUBJECT ADDED ENTRY--TOPICAL TERM
Topical term or geographic name entry element Devotional calendars.
9 (RLIN) 1878
650 #1 - SUBJECT ADDED ENTRY--TOPICAL TERM
Topical term or geographic name entry element Christian life.
9 (RLIN) 183
906 ## - LOCAL DATA ELEMENT F, LDF (RLIN)
a 7
b cbc
c orignew
d 1
e ecip
f 20
g y-gencatlg
942 ## - ADDED ENTRY ELEMENTS (KOHA)
Source of classification or shelving scheme Dewey Decimal Classification
Koha item type Books
Koha issues (borrowed), all copies 3
Holdings
Withdrawn status Lost status Source of classification or shelving scheme Damaged status Not for loan Home library Current Library Shelving location Date acquired Total checkouts Full call number Barcode Date last seen Date last checked out Copy number Price effective from Koha item type
    Dewey Decimal Classification     GRACE BIBLE COLLEGE GRACE BIBLE COLLEGE Ministry & Mission 2018-01-10 1 248.83 AUS 011896 2025-05-01 2019-01-16 c.1 2018-01-10 Books
    Dewey Decimal Classification     GRACE BIBLE COLLEGE GRACE BIBLE COLLEGE Ministry & Mission 2018-01-10   248.83 AUS 011898 2025-05-01   c.3 2018-01-10 Books
    Dewey Decimal Classification     GRACE BIBLE COLLEGE GRACE BIBLE COLLEGE Ministry & Mission 2018-01-10 1 248.83 AUS 011897 2025-05-01 2022-04-25 c.2 2018-01-10 Books
    Dewey Decimal Classification     GRACE BIBLE COLLEGE GRACE BIBLE COLLEGE Ministry & Mission 2018-01-10 1 248.83 AUS 011899 2025-05-01 2019-03-06 c.4 2018-01-10 Books
© Grace Bible College Library 2025